Avelo Air Destinations - Statistics

General Stats
  • This quiz has been taken 23 times
  • The average score is 21 of 34
Answer Stats
Hint Answer % Correct
Idaho Boise
92%
Ohio Dayton
92%
Florida Fort Lauderdale
92%
Nevada Las Vegas
92%
Florida Orlando
92%
Florida Tampa
92%
Delaware Wilmington
92%
North Carolina Wilmington
92%
Maryland Baltimore
83%
Illinois Chicago
83%
Florida Fort Myers
83%
Oregon Eugene
75%
Connecticut New Haven
75%
North Carolina Raleigh/Durham
75%
Georgia Savannah
75%
South Carolina Charleston
67%
Florida Sarasota
67%
California Burbank
58%
Kentucky Lexington
58%
Tennessee Nashville
58%
California Palm Springs
58%
South Carolina Myrtle Beach
50%
California Santa Rosa
50%
Florida West Palm Beach
50%
Michigan Kalamazoo
42%
Michigan Lansing
42%
Oregon Medford
42%
California Redding
42%
Oregon Redmond
42%
New York Binghamton
25%
California Eureka
25%
Iowa Dubuque
17%
Virginia Newport News
17%
Washington Tri-Cities (Pasco)
17%
No matching quizzes found
Score Distribution
Percent of People with Each Score
Percentile by Number Answered
Your Score History
You have not taken this quiz